00859nam a22002177a 4500999001900000005001700019010001500036020003100051035001400082037000900096082001100105100001600116245014200132260005700274270008500331300002000416700002000436700002000456942002500476952014000501 c183665d18366520220121114831.0 aENG-130813 a978-93-89811-71-1c1095.00 aEN-114345 bDBAD a657.42 aTulsian, PC aQuick Revision Book for Cost and Management Accouting:bFor CA Intermediate (New Syallabus)/cP C Tulsian, Bharat Tulsian, Tushar Tulsian aChennaibMcGraw Hill Education Private Limitedc2017 a444/1, Sri Ekambara Naicker Industrial Estate, Alapakkam, PorurbChennaie600116 a332pc25cm(pbk) aTulsian, Bharat aTulsian, Tushar 2ddccENh657.42mTUL 001040708NFICaBL1bBL1d2021-12-30eDBAD/PUBg1095.00l8m3o657.42 TULpEN-114345r2026-06-13 10:39:04s2026-05-30t1v1095.00yEN